000
00305nam a2200121Ia 4500
005
20260328104303.0
008
260328s9999||||xx |||||||||||||| ||und||
100
_a
Eydoux, Henri-Paul
245
0
_a
In Search Of Lost Worlds /
_c
Henri-Paul Eydoux
260
_b
Hamlyn
650
_a
ARQUEOLOGÍA
942
_c
BK
999
_c
10652
_d
10652